000 00720cam a2200229 a 4500
001 000003439
005 20200929150437.0
008 870625s1990 ag 001 f spa
020 _a9500409410
040 _aDO-SdBNP
_bspa
_cBNPHU
041 1 7 _aspa
_heng
082 _a823.914
_bH848f
100 1 _aHoward, Clark
_d1954-
_910722
245 1 0 _aFortuna fácil /
_cClark Howard ; traductora, Carmen Bordeu de Smith Estrada.
260 _aBuenos Aires :
_bEMECÉ,
_c1990.
300 _a541 p. ;
_c22 cm.
440 0 _aGrandes novelistas
_910560
534 _aTítulo original: Quick silver
650 4 _aNovela inglesa
_91071
650 4 _aLiteratura inglesa
_9498
700 1 _aBordeu de Smith Estrada, Carmen
_etr.
_910723
999 _c3269
_d3269